| 000 | 00591nam a2200229Ia 4500 | ||
|---|---|---|---|
| 003 | 0100 | ||
| 008 | 130303s9999 xx 000 0 und d | ||
| 020 | _a1570753296 | ||
| 040 | _cARRUPELIB | ||
| 050 | _aBL2480.M3D27 2001 | ||
| 100 | _aDaneel, Marthinus L | ||
| 245 | _aAfrican earthkeepers | ||
| 245 | _bWholistic Interfaith Mission | ||
| 260 | _aNew York | ||
| 260 | _bOrbis Books | ||
| 260 | _C2001 | ||
| 300 | _a340p. | ||
| 300 | _b23cm. | ||
| 650 | _bJesus Christ--Jewish interpretations Judaism--Relations--Christianity | ||
| 700 | _aby Marthinus L. Daneel | ||
| 942 | 0 | 0 | _03 |
| 999 |
_c7850 _d7850 |
||